[Event "Valencia zt 2.3"]
[Site "Valencia"]
[Date "2000.??.??"]
[Round "8"]
[White "Dominguez Perez, Leinier"]
[Black "Sequera Paolini, Jose"]
[Result "1-0"]
[WhiteElo "2534"]
[BlackElo "2357"]
[EventDate "2000.08.23"]
[PlyCount "63"]

1.e4 e6 2.d4 d5 3.Nc3 Bb4 4.e5 Ne7 5.a3 Bxc3+ 6.bxc3 b6 7.Qg4 Ng6 8.h4 h5 
9.Qd1 Ba6 10.Bg5 Qd7 11.Bxa6 Nxa6 12.Ne2 Qc6 13.O-O Ne7 14.Qd2 Qd7 15.Qd3 
Nb8 16.c4 Nbc6 17.cxd5 exd5 18.Nf4 Nd8 19.Bxe7 Kxe7 20.Qf3 c6 21.c4 dxc4 
22.d5 Qg4 23.Qe4 Rh6 24.Rad1 cxd5 25.Qxd5 Rc6 26.e6 fxe6 27.Nxe6 Rxe6 28.
Qxa8 Nc6 29.Rd5 c3 30.Qb7+ Kf8 31.Rg5 Qd4 32.Rf5+ 1-0

[Event "Valencia zt 2.3"]
[Site "Valencia"]
[Date "2000.??.??"]
[Round "8"]
[White "Estrada Nieto, Julian"]
[Black "Leyva, Hector"]
[Result "0-1"]
[WhiteElo "2397"]
[BlackElo "2409"]
[EventDate "2000.08.23"]
[PlyCount "80"]

1.e4 c5 2.c3 d5 3.exd5 Qxd5 4.d4 g6 5.dxc5 Qxc5 6.Be3 Qa5 7.Bc4 Bg7 8.Qb3 
e6 9.Na3 Nh6 10.Bb5+ Nc6 11.Bc5 Qc7 12.Nc4 Nf5 13.g4 Ne7 14.Bd6 Qd8 15.
O-O-O O-O 16.Bxc6 bxc6 17.Nf3 Re8 18.h4 Nd5 19.h5 Ba6 20.Bg3 Qf6 21.Nfd2 
Qg5 22.hxg6 hxg6 23.Nd6 Rf8 24.Qa4 Be2 25.Rde1 Qxg4 26.Qxc6 Bd3 27.Be5 
Bxe5 28.Rxe5 Qf4 29.Ree1 Rad8 30.Nb7 Rc8 31.Qd6 Nxc3 32.bxc3 Rxc3+ 33.Kb2 
Qxd2+ 34.Ka1 Rfc8 35.Rb1 Rc2 36.Qa3 Bc4 37.Rb2 Rc1+ 38.Rb1 Qd4+ 39.Qb2 
Qxb2+ 40.Kxb2 Rxh1 0-1

[Event "Valencia zt 2.3"]
[Site "Valencia"]
[Date "2000.??.??"]
[Round "8"]
[White "Nogueiras Santiago, Jesus"]
[Black "Ordonez, Francisco"]
[Result "1-0"]
[WhiteElo "2552"]
[BlackElo "2295"]
[EventDate "2000.08.23"]
[PlyCount "71"]

1.c4 e5 2.g3 Nf6 3.Bg2 Nc6 4.Nf3 Bc5 5.O-O d6 6.Nc3 O-O 7.d3 Bg4 8.h3 Bf5 
9.Kh2 Re8 10.a3 a5 11.e3 Bb6 12.b3 h6 13.Bb2 e4 14.Nh4 Bh7 15.Nd5 Ne5 16.
dxe4 Nxe4 17.Nxb6 cxb6 18.Qd4 Nf6 19.Bxb7 Rb8 20.Bg2 a4 21.bxa4 Rc8 22.
Rfd1 Bc2 23.Rd2 Bxa4 24.Rc1 Bb3 25.Nf5 Nxc4 26.Nxd6 Nxd6 27.Rxc8 Qxc8 28.
Qxd6 Re6 29.Qd8+ Qxd8 30.Rxd8+ Kh7 31.Rd4 b5 32.Bf1 Ba4 33.Bd3+ Kg8 34.
Rd8+ Ne8 35.Bd4 Re7 36.f4 1-0

[Event "Valencia zt 2.3"]
[Site "Valencia"]
[Date "2000.??.??"]
[Round "8"]
[White "Ostos, Julio"]
[Black "Hernandez, Alexander"]
[Result "1-0"]
[WhiteElo "2344"]
[BlackElo "2229"]
[EventDate "2000.08.23"]
[PlyCount "81"]

1.e4 e5 2.Nf3 Nc6 3.Bb5 a6 4.Ba4 d6 5.Bxc6+ bxc6 6.d4 exd4 7.Qxd4 c5 8.Qd3
Be7 9.O-O Be6 10.Nc3 Bf6 11.Re1 Bxc3 12.Qxc3 f6 13.e5 dxe5 14.Nxe5 Ne7 15.
Nd3 c4 16.Nf4 Bf7 17.Be3 O-O 18.Bc5 Nf5 19.Bxf8 Qxf8 20.Ne6 Qb8 21.Rad1 
Nd6 22.b3 Qc8 23.Qf3 Rb8 24.Nd4 Kf8 25.Qc6 Rb6 26.Qc5 Qd7 27.f4 g6 28.h3 
Kg7 29.Kh2 Rb8 30.Qc6 Qxc6 31.Nxc6 Rb6 32.Nd8 cxb3 33.cxb3 Kf8 34.Rc1 Ne8 
35.Nxf7 Kxf7 36.Re4 f5 37.Re5 Rb4 38.Rce1 Nd6 39.Re7+ Kg8 40.Rxc7 Rxf4 41.
Rd1 1-0

[Event "Valencia zt 2.3"]
[Site "Valencia"]
[Date "2000.??.??"]
[Round "8"]
[White "Rohl Montes, Juan Armando"]
[Black "Zapata, Alonso"]
[Result "1/2-1/2"]
[WhiteElo "2350"]
[BlackElo "2487"]
[EventDate "2000.08.23"]
[PlyCount "86"]

1.e4 c5 2.c3 d5 3.exd5 Qxd5 4.d4 Nf6 5.Nf3 Bg4 6.Qa4+ Bd7 7.Qb3 Qxb3 8.
axb3 e6 9.Na3 Nc6 10.Nb5 Rc8 11.dxc5 Bxc5 12.b4 Be7 13.Bf4 a6 14.Nd6+ Bxd6
15.Bxd6 Nd5 16.b5 axb5 17.Bxb5 f6 18.O-O Kf7 19.Rfd1 Rhd8 20.Rd2 Be8 21.
Bg3 e5 22.Bc4 Ne7 23.Bb3 Bc6 24.Rad1 Ke8 25.h4 h5 26.Ne1 Rd7 27.Nd3 Nc7 
28.Nb4 Rxd2 29.Rxd2 Bd7 30.f3 Be6 31.Bc2 Ncd5 32.Nxd5 Bxd5 33.Bf2 Kf7 34.
Bb6 Be6 35.Rd8 Rc6 36.Ba5 f5 37.Bb4 Rc8 38.Rxc8 Nxc8 39.Kf2 Kf6 40.b3 Na7 
41.c4 Nc6 42.Bc3 f4 43.Be4 Bf5 1/2-1/2

[Event "Valencia zt 2.3"]
[Site "Valencia"]
[Date "2000.??.??"]
[Round "8"]
[White "Russek Libni, Guil"]
[Black "Prasca Sosa, Raphael Felipe"]
[Result "1/2-1/2"]
[WhiteElo "2400"]
[BlackElo "2256"]
[EventDate "2000.08.23"]
[PlyCount "60"]

1.e4 e6 2.d4 d5 3.Nd2 Nc6 4.Ngf3 Nf6 5.e5 Nd7 6.Nb3 Be7 7.Bb5 Ncb8 8.O-O 
b6 9.a4 c5 10.a5 Bb7 11.axb6 axb6 12.Rxa8 Bxa8 13.Be3 c4 14.Bxd7+ Nxd7 15.
Nc1 Bc6 16.Ne2 Qa8 17.h4 b5 18.Nf4 b4 19.Ng5 Bxg5 20.hxg5 g6 21.Bd2 Qb7 
22.f3 Qb6 23.Be3 Nxe5 24.Nh3 Bd7 25.Nf2 Nc6 26.Ng4 Ke7 27.Qe1 Ra8 28.Qh4 
Ra2 29.Qxh7 Rxb2 30.Qg7 Ra2 1/2-1/2

[Event "Valencia zt 2.3"]
[Site "Valencia"]
[Date "2000.??.??"]
[Round "9"]
[White "Leyva, Hector"]
[Black "Hernandez, Alexander"]
[Result "1-0"]
[WhiteElo "2409"]
[BlackElo "2229"]
[EventDate "2000.08.23"]
[PlyCount "109"]

1.d4 Nf6 2.c4 e6 3.Nc3 Bb4 4.Qc2 c5 5.dxc5 Na6 6.a3 Bxc3+ 7.Qxc3 Nxc5 8.b4
Nce4 9.Qd4 d5 10.f3 Nd6 11.c5 Nf5 12.Qb2 d4 13.g4 Ne3 14.Bxe3 dxe3 15.g5 
Nh5 16.Nh3 O-O 17.Rd1 Qc7 18.Rd3 b6 19.Rxe3 bxc5 20.bxc5 Qxc5 21.Qc3 Qb6 
22.Kf2 e5 23.Qb4 Qc7 24.Qc3 Qb6 25.Qb4 Qxb4 26.axb4 Rb8 27.Rxe5 Rxb4 28.
Bg2 f6 29.gxf6 Nxf6 30.Re7 Ne4+ 31.Ke3 Nc3 32.Kf2 Ne4+ 33.Ke3 Nd6 34.Kf2 
Rh4 35.Rd1 Ne4+ 36.Ke1 Nf6 37.Nf2 Rxh2 38.Kf1 a5 39.Ra1 Nd5 40.Re5 Nf4 41.
Bh1 Ba6 42.Raxa5 Rb8 43.Kg1 Rh6 44.Ng4 Rg6 45.e3 Rb1+ 46.Kh2 Rb2+ 47.Kg3 
Ne2+ 48.Kh4 Rb1 49.Bg2 Rg1 50.Re8+ Kf7 51.Ra8 Rxg4+ 52.fxg4 Rxg2 53.Ra7+ 
Kf8 54.R5xa6 Ng1 55.Rb7 1-0

[Event "Valencia zt 2.3"]
[Site "Valencia"]
[Date "2000.??.??"]
[Round "9"]
[White "Prasca Sosa, Raphael Felipe"]
[Black "Gonzalez Acosta, Bernal Manuel"]
[Result "0-1"]
[WhiteElo "2256"]
[BlackElo "2428"]
[EventDate "2000.08.23"]
[PlyCount "130"]

1.e4 c5 2.c3 d5 3.exd5 Qxd5 4.d4 Nc6 5.Nf3 cxd4 6.cxd4 e5 7.Nc3 Bb4 8.Bd2 
Bxc3 9.Bxc3 e4 10.Ne5 Nxe5 11.dxe5 Ne7 12.Be2 O-O 13.O-O Rd8 14.Qc1 Bf5 
15.Qg5 Qe6 16.Bc4 Qxc4 17.Qxe7 Rd7 18.Qg5 Bg6 19.Rfd1 Rd3 20.h3 b5 21.Qe7 
h6 22.Qb7 Rad8 23.Rdc1 e3 24.Be1 Qf4 25.Qxb5 Rd2 26.Bxd2 Rxd2 27.Rf1 exf2+
28.Kh1 Be4 29.e6 Qg3 30.exf7+ Kh7 31.f8=N+ Kh8 32.Ng6+ Qxg6 33.Qb8+ Kh7 
34.Qh2 Rxb2 35.Rad1 Bd3 36.Qf4 Bxf1 37.Rxf1 Rxa2 38.Rxf2 Rxf2 39.Qxf2 a5 
40.Qa2 Qf5 41.Kh2 Qf4+ 42.g3 Qe5 43.Qc2+ Kg8 44.Qc4+ Kf8 45.Qc8+ Kf7 46.
Qb7+ Kg6 47.Qb6+ Kh7 48.Qb1+ Kh8 49.Qc2 Qe8 50.Qc5 a4 51.h4 Qe2+ 52.Kh3 
Qd3 53.h5 a3 54.Qa5 Qf1+ 55.Kh4 Qh1+ 56.Kg4 Qe4+ 57.Kh3 Qe6+ 58.g4 a2 59.
Qd8+ Kh7 60.Qd3+ Kh8 61.Qd8+ Qg8 62.Qa5 Qb3+ 63.Kh4 Qb1 64.g5 hxg5+ 65.
Kxg5 a1=Q 0-1

[Event "Valencia zt 2.3"]
[Site "Valencia"]
[Date "2000.??.??"]
[Round "9"]
[White "Sequera Paolini, Jose"]
[Black "Ostos, Julio"]
[Result "1/2-1/2"]
[WhiteElo "2357"]
[BlackElo "2344"]
[EventDate "2000.08.23"]
[PlyCount "24"]

1.e4 e6 2.d4 d5 3.Nc3 Bb4 4.e5 Ne7 5.a3 Bxc3+ 6.bxc3 c5 7.Qg4 cxd4 8.Bd3 
dxc3 9.Nf3 Nbc6 10.O-O Qc7 11.Re1 Bd7 12.Qxg7 O-O-O 1/2-1/2

[Event "Valencia zt 2.3"]
[Site "Valencia"]
[Date "2000.??.??"]
[Round "9"]
[White "Zapata, Alonso"]
[Black "Ordonez, Francisco"]
[Result "1-0"]
[WhiteElo "2487"]
[BlackElo "2295"]
[EventDate "2000.08.23"]
[PlyCount "93"]

1.e4 c6 2.d4 d5 3.Nc3 dxe4 4.Nxe4 Nd7 5.Nf3 Ndf6 6.Neg5 Bg4 7.Bc4 e6 8.h3 
Bxf3 9.Nxf3 Bd6 10.Qe2 Ne7 11.Ne5 Ned5 12.O-O O-O 13.Bb3 Be7 14.c4 Nb6 15.
Rd1 Re8 16.Bc2 Qc8 17.Bg5 Nbd7 18.Qd3 g6 19.h4 Qc7 20.Qe2 Bf8 21.Rd3 Bg7 
22.Rad1 Rac8 23.a3 a6 24.b4 b5 25.Bb3 h6 26.Bf4 Qa7 27.Qf3 Qa8 28.Bh2 h5 
29.Nxd7 Nxd7 30.d5 cxd5 31.cxd5 e5 32.Qe2 e4 33.Re3 Rc3 34.d6 Rxe3 35.Qxe3
Qd8 36.Qa7 e3 37.fxe3 Be5 38.Bxe5 Rxe5 39.Rf1 Rf5 40.Rxf5 gxf5 41.Qd4 Qe8 
42.Qf4 Nf6 43.Bc2 Ng4 44.Bxf5 Qc6 45.Qg5+ Kf8 46.Qe7+ Kg7 47.Bxg4 1-0

[Event "Valencia zt 2.3 (Women)"]
[Site "Valencia"]
[Date "2000.??.??"]
[Round "1"]
[White "Arribas Robaina, Maritza"]
[Black "Mazariego, Silvia Carolina"]
[Result "1-0"]
[WhiteElo "2300"]
[BlackElo "2020"]
[EventDate "2000.08.23"]
[PlyCount "53"]

1.e4 e5 2.Nf3 Nc6 3.Bb5 a6 4.Ba4 b5 5.Bb3 Bc5 6.c3 Nf6 7.O-O O-O 8.d4 Bb6 
9.Nxe5 Nxe4 10.Bd5 Nf6 11.Nxc6 dxc6 12.Bxc6 Rb8 13.Bg5 Qd6 14.Bf3 Nd5 15.
Nd2 h6 16.Bh4 g5 17.Bg3 Nf4 18.Re1 c6 19.Ne4 Qg6 20.Bxf4 gxf4 21.Bh5 Qg7 
22.Qf3 Bc7 23.Nc5 Qf6 24.Bg4 Bb7 25.Nd7 Qg5 26.Nxb8 Rxb8 27.Qh3 1-0

[Event "Valencia zt 2.3 (Women)"]
[Site "Valencia"]
[Date "2000.??.??"]
[Round "1"]
[White "Ramon Pita, Vivian"]
[Black "Martinez, Aleidi Josefina"]
[Result "1/2-1/2"]
[WhiteElo "2294"]
[BlackElo "2119"]
[EventDate "2000.08.23"]
[PlyCount "67"]

1.Nf3 e6 2.g3 Nf6 3.Bg2 b6 4.b3 Bb7 5.Bb2 g6 6.O-O Bg7 7.d3 O-O 8.c4 d6 9.
Qc2 Nbd7 10.Nbd2 Qe7 11.b4 c5 12.b5 d5 13.a4 a5 14.Ne5 Nxe5 15.Bxe5 d4 16.
Bxb7 Qxb7 17.Nf3 Nd7 18.Bxg7 Kxg7 19.e4 f5 20.Ng5 Rae8 21.f3 h6 22.Nh3 e5 
23.Rae1 f4 24.Qg2 Kh7 25.Nf2 g5 26.Qh3 Nf6 27.gxf4 gxf4 28.Kh1 Qd7 29.Qh4 
Qf7 30.Rg1 Qh5 31.Qxh5 Nxh5 32.Rg2 Nf6 33.Reg1 Rg8 34.Rxg8 1/2-1/2

[Event "Valencia zt 2.3 (Women)"]
[Site "Valencia"]
[Date "2000.??.??"]
[Round "2"]
[White "Martinez, Aleidi Josefina"]
[Black "Blanco Acevedo, Maria Carolina"]
[Result "0-1"]
[WhiteElo "2119"]
[BlackElo "2030"]
[EventDate "2000.08.23"]
[PlyCount "66"]

1.e4 c5 2.Nf3 Nc6 3.c3 Nf6 4.e5 Nd5 5.Bc4 Nb6 6.Bb3 g6 7.d4 cxd4 8.cxd4 
Bg7 9.O-O O-O 10.Bf4 d5 11.h3 f6 12.exf6 exf6 13.Nc3 a6 14.Re1 g5 15.Bg3 
Bf5 16.a3 Kh8 17.Rc1 Qd7 18.Na4 Nxa4 19.Bxa4 b5 20.Bb3 Be4 21.Nd2 f5 22.
Nxe4 fxe4 23.Rc5 Rf5 24.Ba2 Bf6 25.Qg4 Nxd4 26.Rc7 Qe6 27.Rec1 Rf8 28.Ra7 
Bd8 29.Ra8 Qf6 30.Rcc8 Ne6 31.Rxa6 Qf7 32.Bxd5 Rxf2 33.Qxe6 Rxg2+ 0-1

[Event "Valencia zt 2.3 (Women)"]
[Site "Valencia"]
[Date "2000.??.??"]
[Round "2"]
[White "Mazariego, Silvia Carolina"]
[Black "Ramon Pita, Vivian"]
[Result "0-1"]
[WhiteElo "2020"]
[BlackElo "2294"]
[EventDate "2000.08.23"]
[PlyCount "82"]

1.e4 e5 2.Nf3 Nc6 3.d3 Nf6 4.Be2 d5 5.Nbd2 Bc5 6.c3 a6 7.O-O O-O 8.Re1 Ba7
9.h3 h6 10.Bf1 d4 11.c4 Qe7 12.a3 a5 13.b3 Bc5 14.g3 Nh7 15.Qe2 Bd7 16.Bg2
Nd8 17.Nh4 g6 18.Nf1 Ng5 19.Kh2 Kh7 20.Nf3 Ra6 21.N1d2 f6 22.Bb2 Bd6 23.
Reb1 c5 24.a4 Nc6 25.Ba3 Raa8 26.Ne1 f5 27.f3 f4 28.g4 h5 29.Nc2 hxg4 30.
hxg4 Kg7 31.Rh1 Rh8+ 32.Kg1 Rxh1+ 33.Kxh1 Rh8+ 34.Kg1 Nh3+ 35.Bxh3 Rxh3 
36.Qg2 Qh4 37.Nf1 Nd8 38.Rd1 Nf7 39.Ne1 Nh6 40.Bc1 Nxg4 41.fxg4 Bxg4 0-1

[Event "Valencia zt 2.3 (Women)"]
[Site "Valencia"]
[Date "2000.??.??"]
[Round "3"]
[White "Blanco Acevedo, Maria Carolina"]
[Black "Mazariego, Silvia Carolina"]
[Result "1/2-1/2"]
[WhiteElo "2030"]
[BlackElo "2020"]
[EventDate "2000.08.23"]
[PlyCount "81"]

1.c4 e5 2.Nc3 d6 3.g3 g6 4.Bg2 Bg7 5.d3 c6 6.e3 a5 7.Nge2 f5 8.a3 Na6 9.b4
Nc7 10.Rb1 axb4 11.axb4 Nf6 12.b5 d5 13.O-O O-O 14.b6 Na6 15.Ba3 Re8 16.
cxd5 Nxd5 17.Nxd5 cxd5 18.d4 e4 19.Nc3 Bf8 20.Bxf8 Rxf8 21.Qb3 Be6 22.Rfc1
g5 23.Na4 Qe7 24.Bf1 f4 25.exf4 gxf4 26.Nc3 Qf7 27.Ne2 Qg7 28.Kh1 fxg3 29.
fxg3 Rf3 30.Qb5 Raf8 31.Nf4 Qh6 32.Bg2 Rf2 33.Kg1 Rd2 34.Nxd5 Rxg2+ 35.
Kxg2 Qd2+ 36.Kh1 Rf2 37.Qe8+ Kg7 38.Qe7+ Kh8 39.Qe8+ Kg7 40.Qe7+ Kh8 41.
Qe8+ 1/2-1/2

[Event "Valencia zt 2.3 (Women)"]
[Site "Valencia"]
[Date "2000.??.??"]
[Round "3"]
[White "Martinez Porras, Ingrid Lorena"]
[Black "Fierro Baquero, Martha Lorena"]
[Result "0-1"]
[WhiteElo "2104"]
[BlackElo "2339"]
[EventDate "2000.08.23"]
[PlyCount "66"]

1.c4 e5 2.Nc3 f5 3.d4 exd4 4.Qxd4 Nc6 5.Qe3+ Qe7 6.Nd5 Qxe3 7.Bxe3 Bd6 8.
c5 Nge7 9.cxd6 Nxd5 10.dxc7 Nxe3 11.fxe3 d6 12.O-O-O Be6 13.Nf3 Ke7 14.b3 
Rhc8 15.g3 Rxc7 16.Kb2 Rac8 17.Bg2 Ne5 18.Nd4 Ng4 19.Rd2 Nxe3 20.Bf3 g5 
21.h3 a6 22.Rg1 h6 23.g4 f4 24.Be4 d5 25.Bb1 Kf6 26.Rd3 Bf7 27.Nf5 Nxf5 
28.gxf5 Re7 29.Re1 Rce8 30.Rd2 Re3 31.Bd3 Rxh3 32.e4 fxe3 33.Rc2 Rf3 0-1

[Event "Valencia zt 2.3 (Women)"]
[Site "Valencia"]
[Date "2000.??.??"]
[Round "4"]
[White "Fierro Baquero, Martha Lorena"]
[Black "Martinez, Aleidi Josefina"]
[Result "1-0"]
[WhiteElo "2339"]
[BlackElo "2119"]
[EventDate "2000.08.23"]
[PlyCount "63"]

1.e4 c5 2.Nf3 Nc6 3.Bb5 d6 4.O-O e6 5.Re1 a6 6.Bf1 Nf6 7.c3 Be7 8.d4 O-O 
9.d5 Ne5 10.c4 Nxf3+ 11.Qxf3 e5 12.Nc3 Ne8 13.a3 a5 14.Be3 Bg5 15.b4 Bxe3 
16.Qxe3 b6 17.Bd3 f5 18.exf5 Bxf5 19.bxc5 bxc5 20.Rab1 Bxd3 21.Qxd3 Nf6 
22.Qh3 Rf7 23.Qe6 Qd7 24.Rb6 Ne8 25.Qxd7 Rxd7 26.Ne4 h6 27.Reb1 Kf7 28.Rc6
Ke7 29.Rbb6 Raa7 30.f3 Rab7 31.Nxd6 Rxb6 32.Nc8+ 1-0

[Event "Valencia zt 2.3 (Women)"]
[Site "Valencia"]
[Date "2000.??.??"]
[Round "4"]
[White "Martinez Porras, Ingrid Lorena"]
[Black "Arribas Robaina, Maritza"]
[Result "0-1"]
[WhiteElo "2104"]
[BlackElo "2300"]
[EventDate "2000.08.23"]
[PlyCount "46"]

1.c4 e5 2.Nc3 Nc6 3.g3 g6 4.Bg2 Bg7 5.e4 Nge7 6.Nge2 d6 7.d3 Be6 8.Rb1 O-O
9.b4 Qd7 10.Nd5 Bg4 11.h3 Bxe2 12.Qxe2 Nxd5 13.cxd5 Nd4 14.Qb2 Qb5 15.Qc3 
c5 16.dxc6 Rac8 17.Be3 Rxc6 18.Qd2 Nc2+ 19.Ke2 Rfc8 20.Rhc1 Qa4 21.Kf1 
Nxe3+ 22.Qxe3 Qxa2 23.Rxc6 Qxb1+ 0-1

[Event "Valencia zt 2.3 (Women)"]
[Site "Valencia"]
[Date "2000.??.??"]
[Round "5"]
[White "Arribas Robaina, Maritza"]
[Black "Fierro Baquero, Martha Lorena"]
[Result "1/2-1/2"]
[WhiteElo "2300"]
[BlackElo "2339"]
[EventDate "2000.08.23"]
[PlyCount "86"]

1.d4 Nf6 2.Bg5 Ne4 3.Bh4 c6 4.Nd2 Qa5 5.c3 Nxd2 6.Qxd2 d5 7.f3 Bf5 8.g4 
Bg6 9.Nh3 e6 10.Bg2 Bd6 11.Bg3 Bxg3+ 12.hxg3 Nd7 13.Kf2 O-O-O 14.Nf4 e5 
15.Nxg6 hxg6 16.Rxh8 Rxh8 17.dxe5 Nxe5 18.Qd4 Qb6 19.Qxb6 axb6 20.g5 f5 
21.gxf6 gxf6 22.g4 Kd7 23.Kg3 Ke6 24.f4 Nc4 25.e4 Nxb2 26.exd5+ cxd5 27.
Re1+ Kd6 28.Rb1 Na4 29.Rb5 Nxc3 30.Rxb6+ Kc5 31.Rxb7 d4 32.Rf7 d3 33.Rd7 
Kc4 34.Bf3 Re8 35.Kf2 Nxa2 36.Rd6 Nc3 37.Rxf6 d2 38.Rxg6 d1=Q 39.Bxd1 
Nxd1+ 40.Kg3 Ne3 41.f5 Kd5 42.Kh4 Re4 43.Kh5 Rf4 1/2-1/2

[Event "Valencia zt 2.3 (Women)"]
[Site "Valencia"]
[Date "2000.??.??"]
[Round "5"]
[White "Martinez, Aleidi Josefina"]
[Black "Mazariego, Silvia Carolina"]
[Result "0-1"]
[WhiteElo "2119"]
[BlackElo "2020"]
[EventDate "2000.08.23"]
[PlyCount "72"]

1.e4 e5 2.Nf3 d6 3.d4 Nd7 4.dxe5 dxe5 5.Bc4 c6 6.O-O h6 7.a4 Be7 8.Nc3 a5 
9.Be3 Ngf6 10.Qe2 Qc7 11.Rad1 O-O 12.h3 Nc5 13.Nd2 Ne6 14.Nb3 b6 15.f3 Nh5
16.Qf2 Rb8 17.Nc1 Nhf4 18.Kh2 g5 19.g4 Ng7 20.N1e2 Kh7 21.Rh1 Ng6 22.Ng3 
Be6 23.Bb3 Bxb3 24.cxb3 Ne6 25.Nf5 Bc5 26.Ne2 Rfd8 27.Neg3 Ngf4 28.h4 Rxd1
29.Rxd1 Rd8 30.Rh1 Bxe3 31.Nxe3 Rd3 32.Ngf5 Qd8 33.Kg1 Rd2 34.Qe1 Nd4 35.
Nxd4 Qxd4 36.hxg5 Rg2+ 0-1

[Event "Valencia zt 2.3 (Women)"]
[Site "Valencia"]
[Date "2000.??.??"]
[Round "5"]
[White "Ramon Pita, Vivian"]
[Black "Martinez Porras, Ingrid Lorena"]
[Result "1-0"]
[WhiteElo "2294"]
[BlackElo "2104"]
[EventDate "2000.08.23"]
[PlyCount "79"]

1.d4 e6 2.Nf3 b6 3.e3 Bb7 4.Be2 f5 5.c4 Nf6 6.Nc3 d6 7.Qc2 g6 8.O-O Bg7 9.
Rd1 Qe7 10.d5 e5 11.Ng5 Bc8 12.f4 e4 13.Nb5 h6 14.Nh3 O-O 15.Nd4 a5 16.b3 
Na6 17.a3 Bd7 18.Bb2 Nh7 19.Kh1 Nc5 20.Rg1 Rf7 21.Raf1 Re8 22.Bc3 Bf6 23.
Nf2 Rg7 24.b4 Nb7 25.g4 Kh8 26.Rg3 axb4 27.axb4 Nd8 28.Rfg1 Reg8 29.R3g2 
c5 30.dxc6 Nxc6 31.Nb5 Be6 32.Rd1 Rd8 33.Rgg1 d5 34.gxf5 gxf5 35.Rxg7 Kxg7
36.cxd5 Bxd5 37.Qb2 Bxc3 38.Qxc3+ Qf6 39.Nd4 Ne7 40.Qc7 1-0

[Event "Valencia zt 2.3 (Women)"]
[Site "Valencia"]
[Date "2000.??.??"]
[Round "6"]
[White "Arribas Robaina, Maritza"]
[Black "Ramon Pita, Vivian"]
[Result "1/2-1/2"]
[WhiteElo "2300"]
[BlackElo "2294"]
[EventDate "2000.08.23"]
[PlyCount "69"]

1.e4 e5 2.Nf3 Nc6 3.Bc4 Nf6 4.d3 d6 5.Nc3 h6 6.h3 Na5 7.Bb3 Nxb3 8.axb3 g6
9.Be3 Bg7 10.d4 exd4 11.Bxd4 O-O 12.O-O b6 13.Qd3 Bb7 14.Nd5 c5 15.Bxf6 
Bxf6 16.c3 Bg7 17.Nd2 a5 18.Qg3 b5 19.f4 Re8 20.f5 Bxd5 21.exd5 Re2 22.
fxg6 fxg6 23.Rf2 Rxf2 24.Kxf2 Qe7 25.Qxg6 Re8 26.Nf3 Qe3+ 27.Kg3 Kh8 28.
Kh2 Rf8 29.Rxa5 Rxf3 30.gxf3 Be5+ 31.Kg2 Qe2+ 32.Kg1 Qe1+ 33.Kg2 Qe2+ 34.
Kg1 Qe1+ 35.Kg2 1/2-1/2

[Event "Valencia zt 2.3 (Women)"]
[Site "Valencia"]
[Date "2000.??.??"]
[Round "6"]
[White "Fierro Baquero, Martha Lorena"]
[Black "Mazariego, Silvia Carolina"]
[Result "0-1"]
[WhiteElo "2339"]
[BlackElo "2020"]
[EventDate "2000.08.23"]
[PlyCount "66"]

1.e4 e5 2.Nf3 Nf6 3.d3 Nc6 4.Nbd2 Be7 5.g3 d6 6.Bg2 h6 7.O-O Be6 8.c3 Qd7 
9.Re1 Bh3 10.Bh1 Ng4 11.d4 h5 12.Qa4 h4 13.d5 hxg3 14.hxg3 Nb8 15.Qxd7+ 
Nxd7 16.b4 O-O-O 17.Bb2 Rh5 18.c4 Rdh8 19.Rac1 g6 20.Ba3 b6 21.Rc2 f5 22.
Rec1 Kb8 23.Ne1 Bf1 24.Bf3 Be2 25.Bg2 Bg5 26.c5 Ne3 27.Ndf3 Nxg2 28.Rxe2 
Bxc1 29.Bxc1 Nxe1 30.Nxe1 Rh1+ 31.Kg2 Nf6 32.Bg5 R8h2+ 33.Kf3 Nxe4 0-1

[Event "Valencia zt 2.3 (Women)"]
[Site "Valencia"]
[Date "2000.??.??"]
[Round "6"]
[White "Martinez Porras, Ingrid Lorena"]
[Black "Blanco Acevedo, Maria Carolina"]
[Result "0-1"]
[WhiteElo "2104"]
[BlackElo "2030"]
[EventDate "2000.08.23"]
[PlyCount "79"]

1.c4 c5 2.g3 Nc6 3.Bg2 e5 4.Nc3 f5 5.d3 Nf6 6.Nh3 Be7 7.O-O O-O 8.f4 d6 9.
e3 Qe8 10.Nd5 Nxd5 11.Bxd5+ Kh8 12.Rb1 a5 13.a4 b6 14.b3 Ra7 15.Nf2 g5 16.
Bb2 gxf4 17.exf4 Bf6 18.Re1 Re7 19.Qd2 Nb8 20.Qe2 Nd7 21.Nd1 h5 22.Bf3 Rh7
23.Ne3 Qg6 24.Nd5 Bg7 25.Qf2 h4 26.Re3 Re8 27.Bg2 Nf6 28.Nxf6 Bxf6 29.Rbe1
Qh6 30.Kf1 Qg7 31.Qe2 hxg3 32.hxg3 Rg8 33.fxe5 dxe5 34.Bxe5 Bxe5 35.Rxe5 
Qxg3 36.Qf3 Qg5 37.Qf2 Rh2 38.R1e2 Bb7 39.Rxf5 Bxg2+ 40.Kg1 0-1

[Event "Valencia zt 2.3 (Women)"]
[Site "Valencia"]
[Date "2000.??.??"]
[Round "7"]
[White "Blanco Acevedo, Maria Carolina"]
[Black "Arribas Robaina, Maritza"]
[Result "0-1"]
[WhiteElo "2030"]
[BlackElo "2300"]
[EventDate "2000.08.23"]
[PlyCount "100"]

1.c4 g6 2.Nc3 Bg7 3.e4 c5 4.f4 Nc6 5.Nf3 d6 6.Be2 e6 7.O-O Nge7 8.d3 Nd4 
9.Nxd4 cxd4 10.Nb1 O-O 11.Nd2 f5 12.Nf3 b6 13.Qe1 fxe4 14.dxe4 e5 15.g3 
Nc6 16.Kh1 a5 17.Bd2 Qe7 18.Bd3 Bh3 19.Rf2 Rae8 20.a3 Bh6 21.Ng1 Bc8 22.
Qe2 Bb7 23.Raf1 Nd8 24.f5 Bxd2 25.Qxd2 gxf5 26.Rxf5 Ne6 27.b4 axb4 28.axb4
Rxf5 29.Rxf5 Rf8 30.Qf2 Kg7 31.Rxf8 Nxf8 32.h4 Nd7 33.Nh3 Nf6 34.Qf5 h6 
35.Nf2 Qe8 36.Ng4 Ng8 37.Kg2 Bc8 38.Qf3 Qg6 39.Nf2 Nf6 40.Be2 Be6 41.Bd3 
Qf7 42.Qe2 Qd7 43.Qc2 Qa7 44.Qb1 Qa3 45.Kf1 Qc3 46.Nd1 Qd2 47.Nf2 Ng4 48.
Nxg4 Bxg4 49.Qc2 Be2+ 50.Kf2 Qe3+ 0-1

[Event "Valencia zt 2.3 (Women)"]
[Site "Valencia"]
[Date "2000.??.??"]
[Round "7"]
[White "Ramon Pita, Vivian"]
[Black "Fierro Baquero, Martha Lorena"]
[Result "0-1"]
[WhiteElo "2294"]
[BlackElo "2339"]
[EventDate "2000.08.23"]
[PlyCount "80"]

1.d4 g6 2.Nf3 Bg7 3.c4 d6 4.Nc3 c5 5.e4 cxd4 6.Nxd4 Nc6 7.Be3 Nf6 8.Be2 
O-O 9.O-O Nxd4 10.Bxd4 Be6 11.Qd2 Qa5 12.f3 Rfc8 13.b3 b5 14.cxb5 Nxe4 15.
fxe4 Bxd4+ 16.Qxd4 Qxc3 17.Qxc3 Rxc3 18.Rfc1 Rac8 19.Bc4 Rxc1+ 20.Rxc1 Kg7
21.Kf2 f5 22.exf5 gxf5 23.Re1 Bxc4 24.bxc4 Kf6 25.Rc1 Rc5 26.Ke3 e5 27.a4 
d5 28.Kd3 f4 29.Rc3 Kf5 30.Rc2 h5 31.Rc3 h4 32.h3 e4+ 33.Kd4 Rxc4+ 34.Rxc4
dxc4 35.a5 f3 36.gxf3 exf3 37.b6 axb6 38.axb6 f2 39.b7 f1=Q 40.b8=Q Qf4+ 
0-1

[Event "Valencia zt 2.3 (Women)"]
[Site "Valencia"]
[Date "2000.??.??"]
[Round "8"]
[White "Martinez Porras, Ingrid Lorena"]
[Black "Martinez, Aleidi Josefina"]
[Result "0-1"]
[WhiteElo "2104"]
[BlackElo "2119"]
[EventDate "2000.08.23"]
[PlyCount "92"]

1.Nf3 e6 2.g3 b6 3.Bg2 Bb7 4.O-O g6 5.d4 Bg7 6.b3 Ne7 7.Bb2 O-O 8.Nbd2 d6 
9.c4 Nd7 10.Qc2 Nc6 11.a3 Ne7 12.Rac1 Rc8 13.Rfd1 Qe8 14.e3 h6 15.Ne1 Bxg2
16.Nxg2 e5 17.b4 exd4 18.exd4 Nf6 19.c5 d5 20.Re1 Qd7 21.Nf3 Ne4 22.Ne5 
Bxe5 23.dxe5 bxc5 24.bxc5 c6 25.Qd3 Rb8 26.Ba1 Rb7 27.f3 Ng5 28.Nf4 Ne6 
29.Qd2 Kh7 30.g4 Rfb8 31.Nxe6 fxe6 32.Bd4 Rb3 33.Rc3 Kg7 34.Qc2 Rb2 35.Qd3
Qb7 36.Re2 Rxe2 37.Qxe2 Qb1+ 38.Qf1 Qa2 39.Be3 Rb1 40.Rc1 Rb2 41.Qh3 Ng8 
42.g5 h5 43.Re1 Kf7 44.Qg3 Ne7 45.Qf4+ Nf5 46.Rc1 Rc2 0-1

[Event "Valencia zt 2.3 (Women)"]
[Site "Valencia"]
[Date "2000.??.??"]
[Round "8"]
[White "Ramon Pita, Vivian"]
[Black "Blanco Acevedo, Maria Carolina"]
[Result "1-0"]
[WhiteElo "2294"]
[BlackElo "2030"]
[EventDate "2000.08.23"]
[PlyCount "83"]

1.c4 c5 2.Nc3 Nc6 3.g3 e5 4.Bg2 f5 5.d3 Nf6 6.e3 Be7 7.Nge2 O-O 8.O-O d6 
9.Rb1 a5 10.a3 Qe8 11.Nd5 Nxd5 12.cxd5 Nd8 13.b4 axb4 14.axb4 b6 15.Nc3 
Bf6 16.Bd2 g5 17.bxc5 bxc5 18.Rb6 Ra6 19.Rb8 Bb7 20.Qb3 Qd7 21.Rb1 Rf7 22.
Qc4 Ra7 23.Nb5 Ra6 24.d4 e4 25.dxc5 dxc5 26.d6 Bc6 27.Nc7 Ra4 28.Qxc5 Kg7 
29.Bc3 Kg6 30.Bxf6 Rxf6 31.Rxd8 Qxd8 32.Qxc6 Ra7 33.Nb5 Rd7 34.g4 fxg4 35.
Qxe4+ Kh5 36.Rb4 Rdf7 37.Qxg4+ Kh6 38.Rb2 Qa5 39.Qd1 Qb6 40.d7 Rf8 41.Rd2 
Rd8 42.Nd6 1-0

[Event "Valencia zt 2.3 (Women)"]
[Site "Valencia"]
[Date "2000.??.??"]
[Round "9"]
[White "Blanco Acevedo, Maria Carolina"]
[Black "Fierro Baquero, Martha Lorena"]
[Result "0-1"]
[WhiteElo "2030"]
[BlackElo "2339"]
[EventDate "2000.08.23"]
[PlyCount "62"]

1.c4 g6 2.Nc3 Bg7 3.g3 d6 4.Bg2 Nf6 5.d3 O-O 6.e3 c6 7.Nge2 d5 8.O-O dxc4 
9.dxc4 Nbd7 10.e4 Qa5 11.Qc2 Ne5 12.b3 Rd8 13.h3 Nd3 14.Be3 Nb4 15.Qc1 e5 
16.a3 Na6 17.f4 Nd7 18.f5 Qc7 19.b4 Nb6 20.f6 Bh8 21.c5 Nc4 22.Bh6 Be6 23.
g4 b6 24.Ng3 bxc5 25.Nh5 cxb4 26.Bg7 Qb6+ 27.Kh1 Qe3 28.Nd5 cxd5 29.exd5 
Bxd5 30.Bxd5 Rxd5 31.Qxc4 Rd2 0-1